Georgia By Picture - Statistics

General Stats
  • This quiz has been taken 16 times
  • The average score is 5 of 14
Answer Stats
Picture Answer % Correct
Martin Luther King
100%
Peaches
77%
Peanuts/Pecans
46%
Atlanta
38%
Columbus
38%
Georgia Aquarium
38%
Home Depot
38%
Savannah
38%
T.I.
31%
Augusta
23%
Macon
23%
World of Coca Cola
23%
Olympic Park
15%
University of Georgia
8%
No matching quizzes found
Score Distribution
Percent of People with Each Score
Percentile by Number Answered
Your Score History
You have not taken this quiz